000 00293nam a22001337a 4500
003 SGT
082 _a340,KES
100 _aKESARI,U.P.D.
245 _aMODERN HINDU LAW
260 _aALLAHABAD
_bCENTRAL LAW PUBLICATIONS
_c2004
300 _a458
650 _aMODERN HINDU LAW
942 _2ddc
_cBK
999 _c10543
_d10543